| 000 -LEADER |
| fixed length control field |
00441nam a22001697a 4500 |
| 008 - FIXED-LENGTH DATA ELEMENTS--GENERAL INFORMATION |
| fixed length control field |
200626b ||||| |||| 00| 0 eng d |
| 020 ## - INTERNATIONAL STANDARD BOOK NUMBER |
| Terms of availability |
Rs.2.00 |
| 041 0# - LANGUAGE CODE |
| Language code of text/sound track or separate title |
eng |
| 082 00 - DEWEY DECIMAL CLASSIFICATION NUMBER |
| Classification number |
954.03 |
| Item number |
M394 |
| 100 ## - MAIN ENTRY--PERSONAL NAME |
| 9 (RLIN) |
3062 |
| Personal name |
Masani, R. P. |
| 245 10 - TITLE STATEMENT |
| Title |
Dadabhai Naoroji / |
| 260 ## - PUBLICATION, DISTRIBUTION, ETC. (IMPRINT) |
| Place of publication, distribution, etc |
Delhi : |
| Name of publisher, distributor, etc |
Ministry of Information & Broadcasting, |
| Date of publication, distribution, etc |
1960. |
| 300 ## - PHYSICAL DESCRIPTION |
| Extent |
vi,195p. |
| 365 ## - TRADE PRICE |
| Price amount |
INR 2.00 |
| 650 #0 - SUBJECT ADDED ENTRY--TOPICAL TERM |
| Topical term or geographic name as entry element |
Social Reformers |
| 942 ## - ADDED ENTRY ELEMENTS (KOHA) |
| Item type |
Books |